Biggest Republican Metro Areas - Statistics

General Stats
  • This quiz has been taken 1,062 times
  • The average score is 7 of 15
Answer Stats
% Population City % Correct
55.8 1,559,514 Jacksonville
74%
57 1,408,950 Oklahoma City
73%
54.2 1,934,317 Nashville
65%
50.7 3,194,831 Tampa
65%
62.8 998,626 Tulsa
58%
55.9 2,221,208 Cincinnati
53%
54 2,074,537 Indianapolis
52%
49.8 949,442 Omaha
50%
49.5 1,265,108 Louisville
48%
57.3 1,090,435 Birmingham
45%
50.3 2,317,600 Pittsburgh
35%
64.6 869,046 Knoxville
25%
54 900,202 Bakersfield
22%
52.2 1,077,370 Grand Rapids
18%
63.4 920,477 Greenville
10%
No matching quizzes found
Score Distribution
Percent of People with Each Score
Percentile by Number Answered
Your Score History
You have not taken this quiz